| 000 | 00528nam a2200169Ia 4500 | ||
|---|---|---|---|
| 008 | 140609s9999 xx 000 0 und d | ||
| 020 | _a971086858X | ||
| 050 |
_aPN 6014 _b.T114 2007 |
||
| 100 | _aTabotabo, Claudio V. | ||
| 245 | 2 |
_aA travel to the literatures of the world / _cClaudio V. Tabotabo |
|
| 260 |
_aMandaluyong City, Philippines : _bNational Book Store, _cc2007. |
||
| 300 |
_a361 p. : _bill. ; _c22 cm. |
||
| 500 | _aIncludes bibliographical references. | ||
| 521 | _aGE | ||
| 942 |
_kLOC _cBK |
||
| 999 |
_c118208 _d118208 |
||